ORGANIZACION Y DIRECCION INDUSTRIAL (Registro nro. 20817)
[ vista simple ]
| 000 -LEADER | |
|---|---|
| fixed length control field | 00511nam a2200169 a 4500 |
| 001 - CONTROL NUMBER | |
| control field | 20817 |
| 005 - DATE AND TIME OF LATEST TRANSACTION | |
| control field | 20180713214448.0 |
| 008 - FIXED-LENGTH DATA ELEMENTS--GENERAL INFORMATION | |
| fixed length control field | 140415s1981 000 0 spa d |
| 020 ## - INTERNATIONAL STANDARD BOOK NUMBER | |
| International Standard Book Number | 96816077228 |
| 041 ## - LANGUAGE CODE | |
| Language code of text/sound track or separate title | spa |
| 082 ## - DEWEY DECIMAL CLASSIFICATION NUMBER | |
| Classification number | 338.06 |
| Item number | ORG |
| 245 00 - TITLE STATEMENT | |
| Title | ORGANIZACION Y DIRECCION INDUSTRIAL |
| 260 ## - PUBLICATION, DISTRIBUTION, ETC. | |
| Place of publication, distribution, etc. | [s.l.] : |
| Name of publisher, distributor, etc. | FONDO DE CULTURA ECONOMICA, |
| Date of publication, distribution, etc. | 1981 |
| 300 ## - PHYSICAL DESCRIPTION | |
| Extent | 882 |
| 490 ## - SERIES STATEMENT | |
| Series statement | SECCION DE OBRAS DE ECONOMIA |
| 650 14 - SUBJECT ADDED ENTRY--TOPICAL TERM | |
| Topical term or geographic name entry element | ADMINISTRACION INDUSTRIAL |
| General subdivision | MICROECONOMIA |
| -- | RELACIONES INDUSTRIALES |
| Withdrawn status | Lost status | Source of classification or shelving scheme | Damaged status | Not for loan | Collection code | Home library | Current library | Shelving location | Date acquired | Source of acquisition | Inventory number | Total Checkouts | Full call number | Barcode | Date last seen | Price effective from | Koha item type |
|---|---|---|---|---|---|---|---|---|---|---|---|---|---|---|---|---|---|
| Dewey Decimal Classification | General | Biblioteca Karol Wojtyla | Biblioteca Karol Wojtyla | Sala general | 03/12/2013 | Compra | 151000000000000000052100 | 338.06 ORG | 40820 | 15/04/2026 | 03/12/2013 | Libro | |||||
| Dewey Decimal Classification | General | Biblioteca Karol Wojtyla | Biblioteca Karol Wojtyla | Sala general | 03/12/2013 | Compra | 151000000000000000052099 | 338.06 ORG | 40819 | 15/04/2026 | 03/12/2013 | Libro |